Bilecik Bilecik Bilecik Bilecik Bilecik

Kapitalistler ve işgalciler : (Record no. 9030)

MARC details
000 -BAŞLIK
Sabit Uzunluktaki Kontrol Alanı 01282nam a22003617a 4500
001 - KONTROL NUMARASI
Control Dosyası 0009058
003 - KONTROL NUMARASI KİMLİĞİ
Kontrol Alanı KOHA_MİRAKIL
005 - EN SON İŞLEM TARİHİ ve ZAMANI
Kontrol Alanı 20260207001657.0
007 - FİZİKSEL TANIM SABİT ALAN - GENEL BİLGİ
Sabit uzunluklu kontrol alanı ta
008 - SABİT UZUNLUKTAKİ VERİ ÖGELERİ - GENEL BİLGİ
Sabit Alan 091120b2007 tu |||gr||||#||||0|tur |
020 ## - ISBN - ULUSLARARASI STANDART KİTAP NUMARASI
Isbn 9789944115230
Kullanılabilirlik koşulları 16,25
040 ## - KATALOGLAMA KAYNAĞI
Özgün Kataloglama Kurumu TR-BiSEU
Kataloglama Dili tur
Çeviri Kurumu TR-BiSEU
Açıklama Kuralları rda
041 0# - DİL KODU
Metin ya da ses kaydının dil kodu tur
044 ## - YAYINLAYAN/ÜRETEN KURULUŞUN ÜLKE KODU
ISO country code tu
050 ## - SINIFLAMA ve YER NUMARASI
Sınıflama Numarası LC196
Yer Numarası .M35 2007
100 1# - KİŞİ ADI
Yazar Adı (Kişi adı) McLaren, Peter.
240 10 - TEK BİÇİM BAŞLIK
Tekbiçim Başlık <a href="Capitalists and conquerors : a critical pedagogy against empire">Capitalists and conquerors : a critical pedagogy against empire</a>
Language of a work Türkçe
245 1# - ESER ADI BİLDİRİMİ
Başlık Kapitalistler ve işgalciler :
Alt Eseradı vb. imparatorluğa karşı eleştirel bir pedagoji =
-- Capitalists and conquerors :
-- a critical pedagogy against empire/
Sorumluluk Bildirimi Peter McLaren ; Peter McLaren; çeviren Barış Baysal.
264 #1 - ÜRERİM, YAYIN, DAĞITIM ve TELİF BİLDİRİMİ
Yayın yeri İstanbul :
Yayınlayan Kalkedon
Yayın tarihi 2007
300 ## - FİZİKSEL TANIMLAMA
Sayfa, Cilt vb. 399 sayfa
336 ## - İÇERİK TÜRÜ
Content type term metin
Content type code txt
Source rdacontent
337 ## - MEDYA TÜRÜ
Media type term aracısız
Media type code n
Source rdamedia
338 ## - TAŞIYICI TÜRÜ
Carrier type term cilt
Carrier type code nc
Source rdacarrier
490 1# - DİZİ BİLDİRİMİ
Dizi Bildirimi Kalkedon Yayıncılık ;
Cilt Numarası 39.
490 1# - DİZİ BİLDİRİMİ
Dizi Bildirimi Eğitim ve kültür ;
Cilt Numarası 10.
500 ## - GENEL NOT
Genel Not Kaynakça ve dizin var.
650 #0 - KONU BAŞLIĞI EK GİRİŞ - KONU TERİMİ
Konusal terim veya coğrafi ad Critical pedagogy.
9 (RLIN) 22594
650 #0 - KONU BAŞLIĞI EK GİRİŞ - KONU TERİMİ
Konusal terim veya coğrafi ad Education and globalization.
9 (RLIN) 22595
650 #0 - KONU BAŞLIĞI EK GİRİŞ - KONU TERİMİ
Konusal terim veya coğrafi ad Educational sociology.
9 (RLIN) 7951
830 1# - SERİ EK GİRİŞİ - TEKBİÇİM ESER ADI
Tekbiçim Başlık Kalkedon Yayıncılık ;
Volume number/sequential designation 39.
9 (RLIN) 22451
830 1# - SERİ EK GİRİŞİ - TEKBİÇİM ESER ADI
Tekbiçim Başlık Eğitim ve kültür ;
Volume number/sequential designation 10.
9 (RLIN) 22596
942 ## - EK GİRİŞ ÖGELERİ (KOHA)
Source of classification or shelving scheme Library of Congress Classification
Koha item type Book
Holdings
Materyal Türü Kalıcı Konum Mevcut Konum Raf Yeri Sınıflandırma Kaynağı Edinim Bilgisi Ana Konular Alt Konular Yer Numarası Demirbaş Numarası Fatura Tarihi Maliyet, Alış Fiyatı Maliyet, Yenileme Fiyatı Geri Çekilme Durumu Kayıp Durumu Hasarlı Durumu Kredi için değil Kayıt Tarih Toplam Ödünçverme Son Görülme Tarihi Son Kontrol Tarihi
Book Prof. Dr. Azmi Özcan Kütüphanesi Prof. Dr. Azmi Özcan Kütüphanesi Uluğbey Salonu Library of Congress Classification Satın EĞİTİM Eğitimin Özel Yönleri LC196 .M35 2007 0009058 20/11/2009 17.55 17.55         20/11/2009   05/12/2024 05/12/2024